Văn hóa Việt Nam: Truyền thống và hiện đại Nghiên cứu của các giáo sư chuyên gia về văn hóa
Wedi'i Gadw mewn:
| Fformat: | Llyfr |
|---|---|
| Iaith: | Undetermined |
| Cyhoeddwyd: |
Hà Nội
Văn Hóa
2000
|
| Pynciau: | |
| Tagiau: |
Ychwanegu Tag
Dim Tagiau, Byddwch y cyntaf i dagio'r cofnod hwn!
|
| Thư viện lưu trữ: | Trung tâm Học liệu Trường Đại học Cần Thơ |
|---|
| LEADER | 00573nam a2200157Ia 4500 | ||
|---|---|---|---|
| 001 | CTU_35928 | ||
| 008 | 210402s9999 xx 000 0 und d | ||
| 082 | |a 305.89597 | ||
| 082 | |b V115 | ||
| 245 | 0 | |a Văn hóa Việt Nam: Truyền thống và hiện đại | |
| 245 | 0 | |b Nghiên cứu của các giáo sư chuyên gia về văn hóa | |
| 260 | |a Hà Nội | ||
| 260 | |b Văn Hóa | ||
| 260 | |c 2000 | ||
| 650 | |a civilization, ancient,civilization, modern,culture,vietnam - civilization | ||
| 980 | |a Trung tâm Học liệu Trường Đại học Cần Thơ | ||